Finite Element Method:A Practical Course (Record no. 298729)
[ view plain ]
| 000 -LEADER | |
|---|---|
| fixed length control field | 00310 a2200133 4500 |
| 001 - CONTROL NUMBER | |
| control field | 63656 |
| 082 ## - DEWEY DECIMAL CLASSIFICATION NUMBER | |
| Classification number | 620.00151864LIU |
| 090 ## - LOCALLY ASSIGNED LC-TYPE CALL NUMBER (OCLC); LOCAL CALL NUMBER (RLIN) | |
| -- | 37654 |
| -- | 37654 |
| 100 ## - MAIN ENTRY--PERSONAL NAME | |
| Personal name | Liu,G.R |
| 245 ## - TITLE STATEMENT | |
| Title | Finite Element Method:A Practical Course |
| 250 ## - EDITION STATEMENT | |
| Edition statement | 1 |
| 260 ## - PUBLICATION, DISTRIBUTION, ETC. | |
| Name of publisher, distributor, etc. | Butterworth Heinemann |
| 300 ## - PHYSICAL DESCRIPTION | |
| Extent | xv,348p. |
| 942 ## - ADDED ENTRY ELEMENTS (KOHA) | |
| Institution code [OBSOLETE] | NUST-CAE |
| Call number prefix | 620.00151864 LIU |
| Withdrawn status | Lost status | Damaged status | Not for loan | Collection code | Permanent Location | Current Location | Date acquired | Total Checkouts | Full call number | Barcode | Date last seen | Price effective from | Koha item type |
|---|---|---|---|---|---|---|---|---|---|---|---|---|---|
| College of Aeronautical Engineering (CAE) | College of Aeronautical Engineering (CAE) | 04/03/2017 | 620.00151864 LIU | CAEN-3109 | 04/05/2017 | 04/05/2017 | Book |
